MARC

LEADER 00000nam0a2200000 4500
001 353440
005 20231102010607.0
035 |a (RuTPU)RU\TPU\retro\10697 
090 |a 353440 
100 |a 20200429d1943 m y0rusy50 ca 
101 0 |a rus 
102 |a RU 
105 |a y z 001zy 
200 1 |a Мир  |f А. Тардье  |g пер. с фран. под ред. и вступ. стат. Б. Е. Штейна 
210 |a Москва  |c ОГИЗ  |c Госполитиздат  |d 1943 
215 |a XXIV, 430, [2] с. 
225 1 |a Библиотека внешней политики 
300 |a Подписано в печать 11 марта 1943 г. 
320 |a Имен. указ.: с. 409-430 
320 |9 572  |a Библиогр. в примеч. 
320 |9 572  |a Ред. примеч. в конце глав 
606 1 |a Парижская мирная конференция 1919-1920  |2 stltpush  |3 (RuTPU)RU\TPU\subj\66223  |9 82436 
606 1 |a Первая мировая война 1914-1918  |2 stltpush  |3 (RuTPU)RU\TPU\subj\59000  |9 76667 
610 1 |a коллекция: 1941-1945 гг. 
610 1 |a военные конфликты 
610 1 |a международное право 
610 1 |a мирные договора 
610 1 |a разоружение 
610 1 |a Рейн 
610 1 |a союзы 
610 1 |a долговые обязательства 
610 1 |a платежи 
610 1 |a Германия 
610 1 |a Франция 
610 1 |a Великобритания 
610 1 |a США 
610 1 |a Бельгия 
610 1 |a последствия 
686 |a Т3(2)612-6  |v LBC/SL-A  |2 rubbk 
686 |a Т3(0)532  |v LBC/SL-A  |2 rubbk 
700 1 |a Тардье  |b А.  |g Андре 
702 1 |a Штейн  |b Б. Е.  |4 730 
801 1 |a RU  |b 63413507  |c 20200429 
942 |c BK